00341pab a2200121 454500008004000000100001900040245007900059260000900138300001300147362001100160650001400171773003400185180718b2014 xxu||||| |||| 00| 0 eng d aPunwani, Jyoti aElecting a representative: An account of Medha Patkar's elections campaign c2014 ap.12-14. a10 May aElections aEconomic and Political Weekly